| 000 | 00529nam a2200181 4500 | ||
|---|---|---|---|
| 001 | 110989 | ||
| 003 | ES-MaACL | ||
| 005 | 20250930063111.0 | ||
| 007 | t| | ||
| 008 | 061121s1966 xxu r ||||1| spa d | ||
| 100 |
_aNavarro Tomás, Tomás, _d1884-1979 _9226508 |
||
| 245 | 1 | 0 |
_aMétrica española / _cpor Tomás Navarro Tomás. |
| 250 | _a2nd printing. | ||
| 260 |
_aNew York : _bAmericas Publishing Co., _c1966. |
||
| 300 |
_a556 p. ; _c24 cm. |
||
| 852 |
_aES-MaACL _jC-36172 _bR.70345 |
||
| 999 |
_c110989 _d110989 |
||